Musujący poranek a inne wiersze /

Hlavní autor: Karski, Zygmunt, 1898-1967
Další autoři: Stradecki, Janusz, 1920-1988
Jazyk: Polština
Vydáno: Warszawa : Państwowy Instytut Wydawniczy, 1970
Vydání: Wyd. 1.
Fyzický popis: 119 s.
Knihy
Uloženo v:
LEADER 00740nam a22002172a 4500
001 000937732
003 CZ BrMZK
005 20150203220309.0
007 ta
008 090506s1970 pl er|||||||||||pol d
040 |a BOA001  |b cze 
100 1 |a Karski, Zygmunt,  |d 1898-1967  |7 js2013756200  |4 aut 
245 1 0 |a Musujący poranek a inne wiersze /  |c Zygmunt Karski ; wybrał i wstepem opatrzył Janusz Stradecki 
250 |a Wyd. 1. 
260 |a Warszawa :  |b Państwowy Instytut Wydawniczy,  |c 1970 
300 |a 119 s. 
700 1 |a Stradecki, Janusz,  |d 1920-1988  |7 mzk2012708466  |4 com  |4 wfw 
910 |a BOA001  |b 1-0663.009 
990 |a BK 
991 |b 200905 
996 7 |b 2619497196  |c 1-0663.009  |l MZK  |r Sklad / do 1 hodiny  |n 0  |w 000937732  |u 000010  |a 1  |e BOA001  |j MZK50  |s A